Some of the films of Troy McClure Quiz Stats

 Plays Quiz not verified by Sporcle

Score 0/20 Timer 05:00
0 Plays Today
Film Title Missing Word(s) % Correct
Two Minus Three Equals ______ ______Negative fun
80%
The ______ adventures of HerculesErotic
73.3%
Man vs Nature: The Road to ______Victory
53.3%
______ ApeChristmas
53.3%
Fuzzy Bunny's Guide to ______-______-______You-Know-What
53.3%
______ and You: Partners in FreedomMeat
53.3%
The Muppets go ______Medieval
50%
Here Comes the ______ ______Metric System
46.7%
______ Ape goes to ______ ______Christmas Summer Camp
43.3%
______ ______: Delicious But DeadlyLead Paint
40%
Film Title Missing Word(s) % Correct
They Came to Burgle ______ ______ Carnegie Hall
40%
Calling all ______Quakers
36.7%
The ______ ______ is MissingPresident's Neck
36.7%
______ doesn't live here anymoreHitler
33.3%
The Half-Assed Approach to ______ ______Foundation Repair
33.3%
______: the Silent KillerFirecrackers
33.3%
______ ______: The Lifesaving NerdsDesignated Drivers
30%
Someone's in the Kitchen with ______DNA
30%
________ :Eww!Earwigs
23.3%
The Wackiest ______ ______ in the WestCovered Wagon
16.7%

You're not logged in!

Compare scores with friends on all Sporcle quizzes.
OR
Log In

Show Comments

Extras

Created Oct 21, 2010SourceReportNominate
Tags:mcclure, troy

Top Quizzes Today


Score Distribution

Your Account Isn't Verified!

In order to create a playlist on Sporcle, you need to verify the email address you used during registration. Go to your Sporcle Settings to finish the process.

Report this User

Report this user for behavior that violates our Community Guidelines.

Details: